000
00190nam a2200085 4500
001
1234617
005
20250929103707.0
245
_a
BİLİM ve TEKNİK
_c
KOMİSYON
260
_b
TÜBİTAK YAYINLARI
999
_c
1234617
_d
1234617